000 00507nam a2200169Ia 4500
003 GCL
008 140319s9999 xx 000 0 eng d
040 _aGCL /
_cGCL
082 0 4 _aCC
_b932
_bV H
100 1 _aVERCOUTTER, JEAN
245 1 0 _aHOMMAGES ALA MEMOIRE DE SERGE SAUNERON 1927 - 1976 /
_cVERCOUTTER, JEAN
260 _a[S.N] :
_bINSTITUT FRANCAIS D'ARCHEOLOGIE ORIENTAL ،
_c1979
650 0 4 _aANCIENT EGYPT - HISTORY
650 0 4 _aEGYPTOLOGY
650 0 4 _aEGYPT - CIVILIZATION
942 _2ddc
_cBK
999 _c14742
_d14742